000 00417nam a2200157Ia 4500
008 230524s9999 xx 000 0 und d
082 _a612
_bDAT
100 _aA.K.Datta
_923878
245 0 _aEssentials of Human Anatomy Part-III(Superior and Inferior Extremities)
250 _a6TH
260 _aNEW DELHI
_bCBI
_c2004
300 _aXIV;380
500 _aQuantity Number: 1
650 _aBiomedical
942 _cBK
999 _c37461
_d37461